Statistics for Capitals and Countries of Asia - HARD

Click here to take the quiz!

General Stats

  • This quiz has been taken 1,356 times
    (436 since last reset)
  • The average score is 34 of 48

Answer Stats

Capital, Country% Correct
Beijing, China
90%
New Delhi, India
88%
Tokyo, Japan
88%
Seoul, South Korea
86%
Jakarta, Indonesia
84%
Jerusalem, Israel
82%
Pyongyang, North Korea
82%
Hanoi, Vietnam
80%
Doha, Qatar
78%
Islamabad, Pakistan
78%
Baghdad, Iraq
77%
Tehran, Iran
77%
Kabul, Afghanistan
76%
Taipei, Taiwan
76%
Bangkok, Thailand
75%
Kathmandu, Nepal
75%
Singapore, Singapore
75%
Ankara, Türkiye
73%
Beirut, Lebanon
73%
Manila, Philippines
73%
Riyadh, Saudi Arabia
73%
Amman, Jordan
72%
Baku, Azerbaijan
72%
Kuala Lumpur, Malaysia
72%
Astana, Kazakhstan
70%
Dhaka, Bangladesh
70%
Kuwait City, Kuwait
70%
Tbilisi, Georgia
70%
Abu Dhabi, United Arab Emirates
69%
Damascus, Syria
69%
Muscat, Oman
68%
Sana'a, Yemen
68%
Phnom Penh, Cambodia
67%
Ulaanbaatar, Mongolia
67%
Malé, Maldives
66%
Manama, Bahrain
65%
Yerevan, Armenia
65%
Ashgabat, Turkmenistan
64%
Dushanbe, Tajikistan
64%
Thimphu, Bhutan
64%
Vientiane, Laos
64%
Dili, Timor-Leste
63%
Tashkent, Uzbekistan
63%
Bishkek, Kyrgyzstan
60%
Nicosia, Cyprus
58%
Naypyidaw, Myanmar
56%
Bandar Seri Begawan, Brunei
47%
Sri Jayawardenepura Kotte, Sri Lanka
46%

Score Distribution

Percentile by Number Answered

Percent of People with Each Score

Your Score History

You have not taken this quiz since the last reset